| 000 | 00506nam a2200169Ia 4500 | ||
|---|---|---|---|
| 003 | OSt | ||
| 005 | 20200619112659.0 | ||
| 008 | 190216s9999||||xx |||||||||||||| ||und|| | ||
| 020 | _a9788121901536 | ||
| 040 | _coclc | ||
| 082 |
_a954.8 _bCHO/H |
||
| 100 |
_aChopra, P N _9632 |
||
| 245 | 0 |
_aHistory Of South India / _cP N Chopra ; T K Ravindran ; N Subrahmanian |
|
| 260 |
_bS Chand & Company, _c2003. _aNew Delhi: |
||
| 300 | _a273p | ||
| 942 |
_cBK _2ddc _h954.8 _iCHO/H _k954.8 _mCHO/H |
||
| 999 |
_c21273 _d21273 |
||